000 00599nam a22001697a 4500
003 BD-ChCU
005 20260510094909.0
008 260510b bg ||||| |||| 00| 0 ben d
040 _cBD-ChCU
082 _a330.949803 TSR
100 _aTsantis , Andreas C.
_922641
245 _aRomania - the industrialization of an agrarian economy under socialist planning :
_breport of a mission sent to Romania by the world bank ./
_cAndreas C , Tsantis .
260 _aWashington :
_bWorld bank ,
_cC 1979
300 _axxxv , 707p.
650 0 _aRomania - Economic Conditions .
_922643
942 _2ddc
_cBK
_n0
999 _c112804
_d112804